Fiodor Ivanovič

Bibliographic Details
Main Author: Ananiev, Anatolij Andrejevič, 1925-2001 (Author)
Other Authors: Szabová, Naďa, 1926- (Translator)
Format: Article
Language:Slovak
Subjects:

MARC

LEADER 00000nab a2200000 a 4500
001 vtls000043876
003 SK-MaSNL
005 20260303175512.0
008 150430c1979 xo 0 slo
015 |a SNBRB19rr/mm-uuuuu 
035 |a CL0053971 
040 |a SNKBUCL  |b slo  |c SNKBUCL  |e AACR2 
041 0 |a slo 
044 |a xo  |c SK 
080 |a 882-3  |2 1981 
100 1 |a Ananiev, Anatolij Andrejevič,  |d 1925-2001  |4 aut  |9 219067 
245 1 0 |a Fiodor Ivanovič  |c Anatolij Ananiev ; Naďa Szabová 
650 0 7 |a novely o láske  |2 snkbucl  |9 926379 
650 0 7 |a sovietska literatúra  |2 snkbucl  |9 22300 
655 7 |a články z novín a časopisov  |2 snkbucl  |9 267496 
655 7 |a články z odboru literárna veda a krásna literatúra  |2 snkbucl  |9 770045 
700 1 |a Szabová, Naďa,  |d 1926-  |4 trl  |9 201019 
773 0 |t Sovětská literatura  |g Č. 7 (1979), s. 80-98 
850 |a Slovenská národná knižnica v Martine  |a MTA001 
852 |a SNK  |b KIS3GCP 
958 |a RK 
958 |a LX 
958 |a SK 
992 |a RBX 
999 |c 2102178  |d 2104108